ბათუმის შოთა რუსთაველის სახელმწიფო უნივერსიტეტის ბიბლიოთეკა

ჯანმრთელობის ანბანი : (ბიბ.ჩანაწერი № 50087)

000 -ლიდერი
ფიქსირებული სიგრძის საკონტროლო ველი 01174nam a2200253Ia 4500
001 - საკონტროლო ნომერი
საკონტროლო ველი 17025
003 - საკონტროლო ნომრის იდენტიფიკატორი
საკონტროლო ველი GE_BSU
005 - ბოლო ოპერაციის თარიღი და დრო
საკონტროლო ველი 20240531111137.0
008 - ფიქსირებული სიგრძის მონაცემთა ელემენტები - ზოგადი ინფორმაცია
ფიქსირებული სიგრძის საკონტროლო ველი 181216s1986||||ge |||||||||||||| ||geo||
040 ## - კატალოგიზაციის წყარო
Transcribing agency GE_BSU
041 ## - ენის კოდი
Language code of text/sound track or separate title geo
080 ## - უნივერსალური ათობითი კლასიფიკაციის ინდექსი
Universal Decimal Classification number 371.7 + 613.955 კ-76
100 ## - მთავარი ჩანაწერი - პიროვნების სახელი
Personal name კოროსტელიოვი, ნიკოლოზ
9 (RLIN) 22262
245 ## - ცნობა სათაურის შესახებ
Title ჯანმრთელობის ანბანი :
Remainder of title [უფრ. სასკ. ასაკის ბავშვებისათვის] /
Statement of responsibility, etc ნიკოლოზ კოროსტელიოვი; თარგმნა პ. და ზ. ქავთარიებმა.
250 ## - გამოცემის ცნობა
Edition statement 1-ლი გამოცემა
264 ## - წარმოების, გამოცემის, დისტრიბუციის და სხვა ცნობები
გამოცემის, წარმოების, დისტრიბუციის... ადგილი თბილისი ;
გამოცემის, წარმოების, დისტრიბუციის... სახელწოდება ნაკადული,
გამოცემის, წარმოების, დისტრიბუციის... თარიღი 1986.
300 ## - ფიზიკური აღწერა
Extent 327 გვ. :
Other physical details ილ. ;
Dimensions 21სმ.
653 ## - INDEX TERM--UNCONTROLLED
Uncontrolled term პედაგოგიკა
653 ## - INDEX TERM--UNCONTROLLED
Uncontrolled term ჯანმრთელობის ანბანი
653 ## - INDEX TERM--UNCONTROLLED
Uncontrolled term მედიცინა
700 ## - ADDED ENTRY--PERSONAL NAME
Personal name ქავთარია, პ.
Relator term მთარგმნელი
9 (RLIN) 22263
700 ## - ADDED ENTRY--PERSONAL NAME
Personal name ქავთარია, ზ.
Relator term მთარგმნელი
9 (RLIN) 22264
942 ## - ADDED ENTRY ELEMENTS (KOHA)
Koha item type წიგნი
Source of classification or shelving scheme
ეგზემპლარები
ჩამოწერის სტატუსი დაკარგული ეგზემპლარის სტატუსი კლასიფიკაციის წყარო ან თაროზე გაწყობის სქემა დაზიანების სტატუსი არ გაიცემა მუდმივი მდებარეობა (დაცვის ადგილი) ამჟამინდელი ადგილსამყოფელი თაროზე განთავსების ადგილი შეძენის თარიღი ღირებულება, შესყიდვის ნორმალური ფასი სრული შენახვის შიფრი შტრიხკოდი ბოლო ოპერაციის თარიღი ეგზემპლარის მიმდევრობითი ნომერი (კეტერი?) ფასის ძალაში შესვლის თარიღი ეგზემპლარის სახეობა საჯარო შენიშვნა
          ბათუმის შოთა რუსთაველის სახელმწიფო უნივერსიტეტის მთავარი ბიბლიოთეკა აგრარული და მემბრანული ტექნოლოგიების ინსტიტუტის ბიბლიოთეკა წიგნსაცავი 2018-12-17 1.10 371.7 + 613.955 კ-77 21365 2018-12-17 21365 2018-12-17 წიგნი 1 ლ. 10 თ.
          ბათუმის შოთა რუსთაველის სახელმწიფო უნივერსიტეტის მთავარი ბიბლიოთეკა აგრარული და მემბრანული ტექნოლოგიების ინსტიტუტის ბიბლიოთეკა წიგნსაცავი 2018-12-17 1.10 371.7 + 613.955 კ-76 21366 2018-12-17 21366 2018-12-17 წიგნი 1 ლ. 10 თ.
          ბათუმის შოთა რუსთაველის სახელმწიფო უნივერსიტეტის მთავარი ბიბლიოთეკა ბათუმის შოთა რუსთაველის სახელმწიფო უნივერსიტეტის მთავარი ბიბლიოთეკა წიგნსაცავი 2024-05-31 1.10 371.7 + 613.955 კ-76 68020 2024-05-31 68020 2024-05-31 წიგნი 1 ლ. 10
          ბათუმის შოთა რუსთაველის სახელმწიფო უნივერსიტეტის მთავარი ბიბლიოთეკა ბათუმის შოთა რუსთაველის სახელმწიფო უნივერსიტეტის მთავარი ბიბლიოთეკა წიგნსაცავი 2024-05-31 1.10 371.7 + 613.955 კ-76 68021 2024-05-31 68021 2024-05-31 წიგნი 1 ლ. 10 თ.